Italian cities by picture - Statistics

General Stats
  • This quiz has been taken 207 times
  • The average score is 12 of 20
Answer Stats
Picture Answer % Correct
Rome
99%
Milan
95%
Venice
94%
Florence
91%
Naples
89%
Pisa
89%
Turin
86%
Bologna
77%
Palermo
76%
Genoa
65%
Bari
64%
Siena
60%
Padua
46%
Modena
34%
Assisi
32%
Matera
30%
Lecce
27%
L'Aquila
12%
Reggio Calabria
12%
Ascoli
5%
No matching quizzes found
Score Distribution
Percent of People with Each Score
Percentile by Number Answered
Your Score History
You have not taken this quiz